Knowledge management tools and techniques: (Record no. 202114)
[ view plain ]
| 000 -LEADER | |
|---|---|
| fixed length control field | 00784nam a2200217Ia 4500 |
| 003 - CONTROL NUMBER IDENTIFIER | |
| control field | OSt |
| 005 - DATE AND TIME OF LATEST TRANSACTION | |
| control field | 20250310141847.0 |
| 008 - FIXED-LENGTH DATA ELEMENTS--GENERAL INFORMATION | |
| fixed length control field | 210716s2006 xx 000 0 und d |
| 020 ## - INTERNATIONAL STANDARD BOOK NUMBER | |
| International Standard Book Number | 8181478843 |
| 040 ## - CATALOGING SOURCE | |
| Transcribing agency | AIMIT LIBRARY |
| 041 ## - LANGUAGE CODE | |
| Language code of text/sound track or separate title | eng |
| 082 ## - DEWEY DECIMAL CLASSIFICATION NUMBER | |
| Classification number | 658.4062 |
| Edition number | 1 |
| Item number | RAOM |
| 245 ## - TITLE STATEMENT | |
| Title | Knowledge management tools and techniques: |
| Remainder of title | practitioners and experts evaluate km solutions / |
| Statement of responsibility, etc. | Edited by Madanmohan Rao. |
| 250 ## - EDITION STATEMENT | |
| Edition statement | 1st ed. |
| 260 ## - PUBLICATION, DISTRIBUTION, ETC. | |
| Place of publication, distribution, etc. | New Delhi : |
| Name of publisher, distributor, etc. | Reed Elsevier India Pvt Ltd ; |
| Date of publication, distribution, etc. | 2006. |
| 300 ## - PHYSICAL DESCRIPTION | |
| Extent | xii,438p. ; |
| Other physical details | PB |
| Dimensions | 22 cm. |
| 650 ## - SUBJECT ADDED ENTRY--TOPICAL TERM | |
| Topical term or geographic name entry element | Building and sustaining communities of practice at ericsson research canada |
| 9 (RLIN) | 205383 |
| 650 ## - SUBJECT ADDED ENTRY--TOPICAL TERM | |
| Topical term or geographic name entry element | Creativity the knowledge connector |
| 9 (RLIN) | 205384 |
| 700 ## - ADDED ENTRY--PERSONAL NAME | |
| Personal name | Rao, Madanmohan . |
| 9 (RLIN) | 205385 |
| 942 ## - ADDED ENTRY ELEMENTS (KOHA) | |
| Source of classification or shelving scheme | Dewey Decimal Classification |
| Koha item type | Book |
| Edition | 1st ed. |
| Call number prefix | 658.4062 RAOM |
| Withdrawn status | Lost status | Source of classification or shelving scheme | Damaged status | Not for loan | Collection code | Home library | Current library | Date acquired | Cost, normal purchase price | Inventory number | Total Checkouts | Full call number | Barcode | Date last seen | Cost, replacement price | Price effective from | Koha item type |
|---|---|---|---|---|---|---|---|---|---|---|---|---|---|---|---|---|---|
| Dewey Decimal Classification | MBA | St Aloysius Institute of Management & Information Technology | St Aloysius Institute of Management & Information Technology | 01/09/2008 | 350.00 | Bill no:542; Bill dt:2007-12-18 | 658.4062 RAOM | MBA04680 | 07/21/2025 | 280.00 | 07/16/2021 | Book |